[Event "29th IND-ch U17 Open 2018"]
[Site "Sonipat"]
[Date "2018.09.07"]
[Round "6"]
[White "Vaibhav Jayant Raut"]
[Black "Gaurav Rajesh Zagade"]
[Result "1-0"]
[WhiteElo "1999"]
[BlackElo "2177"]
[Annotator "NA"]
[PlyCount "67"]
[EventDate "2018.09.05"]
[EventCountry "IND"]
[SourceTitle "playchess.com"]
[Source "ChessBase"]
[SourceQuality "1"]

{[%evp 8,51,15,2,7,1,22,25,25,25,22,0,16,-16,-4,-14,23,15,27,45,72,58,97,-17,94,70,211,225,226,227,237,214,222,239,245,32767,32767,32767,32767,32767,32767,32767,475,434,451,407]} 1. e4 c5 2. Nf3 a6 3. d4 cxd4 4. Nxd4 Nf6 5. Bd3 {LiveBook: 22 Games} Nc6 {B28: Sicilian: 2 Nf3 a6 (O'Kelly Variation)} (5... e5 6. Nb3 d5 7. exd5 Qxd5 8. O-O Be6 9. Nc3 Qc6 10. Qe2 Nbd7 11. f4 Bd6 12. Kh1 O-O 13. f5 Bd5 14. Nxd5 Qxd5 {0-1 (38) Gaifullin,A (2448)-Khismatullin,D (2627) Yaroslavl 2018}) 6. Nxc6 bxc6 7. O-O e5 8. c4 Bc5 9. Nc3 h6 $146 ({Predecessor:} 9... d6 10. Bg5 h6 11. Bh4 g5 12. Bg3 h5 13. h3 h4 14. Bh2 g4 15. hxg4 Nxg4 16. Be2 Qg5 17. Qd3 Rg8 18. Bf3 Nxh2 19. Kxh2 h3 20. gxh3 Bxh3 21. Rg1 Qf4+ {0-1 (21) Ficco,C (2038)-Zinnai,G (2063) Napoli 2015}) 10. Kh1 d6 11. f4 Ng4 12. Qe1 $1 exf4 13. Bxf4 Qe7 (13... g5 $11 14. Bg3 h5) 14. Be2 h5 15. e5 ({White should play} 15. Na4 $16) 15... Nxe5 (15... dxe5 $11 {keeps the balance.} 16. Bxg4 Bxg4 17. Qxe5 O-O) 16. Ne4 Bd4 {[#]} (16... Ng6 $16 {is a better defense.}) 17. Rd1 $1 c5 {[#]} 18. Nxd6+ $1 Qxd6 19. Bf3 $18 f6 20. Bxa8 Be6 21. Bxe5 fxe5 22. b3 g6 23. Be4 Bg4 24. Rd3 Rf8 25. Rxf8+ Kxf8 26. h3 Bd7 27. Qh4 Be8 28. g4 hxg4 29. hxg4 Bc6 30. Rf3+ Kg7 31. g5 Bxe4 32. Qxe4 Qe7 33. Rf6 Qe8 34. Qh4 1-0

[Event "29th IND-ch U17 Open 2018"]
[Site "Sonipat"]
[Date "2018.09.07"]
[Round "6"]
[White "Cheela Naga, Sampath"]
[Black "Pruthu Deshpande"]
[Result "1-0"]
[WhiteElo "1935"]
[BlackElo "2068"]
[Annotator "NA"]
[PlyCount "141"]
[EventDate "2018.09.05"]
[EventCountry "IND"]
[SourceTitle "playchess.com"]
[Source "ChessBase"]
[SourceQuality "1"]

{[%evp 8,120,36,13,54,19,41,1,97,37,121,44,81,59,90,69,76,84,73,73,69,68,125,145,216,221,213,145,158,147,172,162,140,160,185,175,172,130,111,123,32767,32767,32767,32767,238,242,286,189,192,201,238,181,245,225,328,301,354,389,32767,362,327,339,356,313,352,377,449,429,406,425,32767,32767,32767,32767,32767,32767,32767,32767,32767,32767,32767,32767,32767,32767,32767,32767,32767,32767,32767,32767,32767,32767,32767,32767,32767,32767,32767,32767,32767,32767,32767,32767,29992,29988,29992,29991,29992,32767,32767,29990,29988,32767,29989,32767,29990]} 1. d4 Nf6 2. c4 e5 3. dxe5 Ng4 4. e4 Nxe5 5. f4 Ng6 6. Be3 Bb4+ 7. Nc3 {LiveBook: 4 Games} Qe7 {A52: Budapest Gambit} (7... Bxc3+ $1 $11 {remains equal.} 8. bxc3 O-O) (7... O-O 8. Bd3 d6 9. Nf3 Nc6 10. O-O Bxc3 11. bxc3 Re8 12. Nd4 Nf8 13. Qf3 Bd7 14. Rae1 Ne6 15. Qg3 Nc5 16. Nxc6 Bxc6 17. Bxc5 dxc5 18. e5 Re7 19. f5 Rd7 20. Re3 f6 21. e6 {1-0 (21) Naumkin,I (2456)-Dragojlovic,A (2284) Cesenatico 2017}) 8. Bd3 f5 {[#]} (8... Bxc3+ $11 9. bxc3 d6) 9. Qc2 ({White should play} 9. Nge2 $1 $16) 9... O-O $146 ({Predecessor:} 9... Bxc3+ $11 10. bxc3 d6 (10... O-O 11. Ne2 Nc6 12. O-O d6 13. Ng3 Nh4 14. Rae1 Qf6 15. c5 {1-0 (39) Meszaros,M (2205)-Szilagyi,T (2052) Hungary 2013})) 10. Nge2 Nc6 11. O-O-O (11. a3 $16) 11... Bxc3 12. Nxc3 Nb4 13. Nd5 Nxd5 14. cxd5 d6 {[#]} 15. e5 $1 c6 (15... b6 $16 {is a better defense.}) 16. dxc6 bxc6 17. Bc4+ d5 18. Bd3 Qb7 19. Bc5 Rf7 20. g3 a5 (20... Bd7 $16 21. Rhe1 Re8) 21. Rhe1 Be6 22. Bf1 Nf8 23. Re3 a4 24. Rd4 Nd7 25. Rb4 Qc7 26. Bd6 Qa7 27. Rc3 c5 28. Bxc5 Nxc5 29. Rxc5 a3 (29... Rff8 $16 30. Kb1 Rac8) 30. b3 Qd7 31. Bg2 g6 32. Rb6 Rd8 33. Rcc6 Re7 34. Kd1 Qa7 35. Qd3 $18 ({And not} 35. Rxe6 Rxe6 36. Rxe6 Qg1+ 37. Kd2 Qxg2+ 38. Kd3 Qe4+ 39. Kd2 Qh1 $11) 35... Bf7 36. Qa6 d4 37. Qxa7 Rxa7 38. Ra6 Re7 39. Rxa3 g5 40. Rd6 Bh5+ 41. Kd2 Rc8 42. Ra8 Rxa8 43. Bxa8 gxf4 44. gxf4 Ra7 45. Bd5+ Kf8 46. a4 Rg7 47. a5 Rg1 48. Bc4 Rg2+ 49. Kd3 Rxh2 50. Kxd4 Bf3 51. Rf6+ Ke7 52. Rxf5 h5 53. Rf7+ Ke8 54. e6 Bc6 55. f5 h4 56. f6 h3 57. Rh7 Kd8 58. Rh8+ Kc7 59. f7 Rf2 60. e7 Rf4+ 61. Kc3 Rxf7 62. Bxf7 h2 63. Rxh2 Kd6 64. e8=Q Bxe8 65. Bxe8 Kc5 66. a6 Kb6 67. Rh6+ Ka7 68. Bb5 Kb8 69. Rh7 Kc8 70. a7 Kd8 71. a8=Q# 1-0

[Event "29th IND-ch U17 Open 2018"]
[Site "Sonipat"]
[Date "2018.09.08"]
[Round "7"]
[White "Shyam Prasad Reddy K"]
[Black "Vaibhav Jayant Raut"]
[Result "1/2-1/2"]
[WhiteElo "2148"]
[BlackElo "1999"]
[Annotator "TA"]
[PlyCount "124"]
[EventDate "2018.09.05"]
[EventCountry "IND"]
[SourceTitle "playchess.com"]
[Source "ChessBase"]
[SourceQuality "1"]

{[%evp 18,124,0,0,20,10,23,20,50,0,3,21,14,-6,18,14,44,35,35,38,37,13,16,0,0,0,0,-5,-5,-5,-5,-81,-90,-82,-94,-101,-103,-104,-104,-106,164,154,143,144,157,147,122,89,250,245,247,233,248,249,744,115,114,20,20,20,22,22,22,22,22,22,22,22,22,26,26,40,25,16,24,0,0,0,0,0,0,0,0,0,0,0,0,0,0,0,0,0,3,0,0,0,0,0,0,0,0,-8,0,0,0,0,0,0,0]} 1. e4 e5 {[%cal Be7e5,Be5d4][%mdl 32]} 2. Nf3 Nc6 3. d4 exd4 4. Bc4 Bc5 {[%cal Bf8c5,Bc5b6,Bb6a5][%mdl 32]} 5. c3 Nf6 6. e5 d5 7. Bb5 Ne4 8. cxd4 Bb6 9. Nc3 O-O 10. h3 {LiveBook: 8 Games. C54: Giuoco Piano: 4 c3 Nf6, main lines with 5 d4 and 5 d3} (10. Be3 Bg4 11. h3 Bh5 12. Qc2 Bxf3 13. gxf3 Ng5 14. O-O-O Nxf3 15. Bxc6 bxc6 16. Qf5 Nh4 17. Qg4 Ng6 {½-½ (38) Naiditsch,A (2701)-Anand,V (2776) Karlsruhe/Baden-Baden 2018}) 10... Bf5 (10... Ba5 {with more complications.} 11. Bd2 Bd7 12. Bxc6 Bxc6 13. O-O Qd7) 11. O-O a6 12. Ba4 {White has an edge.} Ba5 $146 ({Predecessor:} 12... h6 13. Bb3 Nxc3 14. bxc3 Ne7 15. Ba3 Re8 16. Nh4 Bh7 17. f4 Nf5 18. Nxf5 Bxf5 {½-½ (41) Bolyai,I (1965)-Palocz,K (1396) Budapest 2015}) 13. Bd2 Nxd2 14. Qxd2 Ne7 15. Bc2 (15. Rae1 {keeps more tension.} c6 16. Re3 Re8 17. a3 b5 18. Bc2) 15... Bxc2 16. Qxc2 Bxc3 (16... c6 {feels hotter.} 17. Na4 Qc8 18. Qc5 Bd8 19. Qb4 Ng6) 17. Qxc3 Qd7 18. Rac1 c6 19. Rfe1 Ng6 20. Qe3 Rae8 21. h4 Qg4 22. g3 f6 23. Nh2 Qh3 {Black wants to play ...fxe5.} 24. e6 (24. f4 $11) 24... f5 $17 25. f4 Rf6 26. Rc3 {[#]} Nxh4 $1 {[%csl Gh4][%cal Rh3g2][%mdl 512]} 27. Qf2 (27. gxh4 Rg6+) 27... Ng6 ({Wrong is} 27... Rexe6 $2 28. Rxe6 Nf3+ 29. Nxf3 $18) 28. Rce3 Ne7 $2 {[%mdl 8192]} (28... Qh5 $17 {and life is bright.} 29. Qc2 Re7) 29. g4 $1 $18 {[%cal Bg3g4,Bg4g5,Bg5g6][%mdl 1056] White has strong compensation.} Qh6 {And now ...fxg4 would win.} 30. g5 $36 {[%mdl 2048] White is on the roll.} Qg6 31. Qg2 Rff8 32. Nf3 Nc8 $2 (32... b6 $16) 33. e7 Rf7 {[%cal Rf7e7]} 34. Ne5 $1 {[%csl LRf7,LRg6]} Qe6 {[#]} 35. g6 $1 {[%cal Rg6f7]} (35. Nxf7 Qxf7 36. Re5 Nd6 $16) 35... hxg6 $2 ({Not} 35... Rfxe7 $2 36. gxh7+ Kxh7 37. Rh3+ Kg8 38. Qh2 $18) (35... Rf6 36. gxh7+ Kxh7) 36. Nxg6 $2 (36. Qh2 $18 {is more deadly. Rh3 would kill now.} Rfxe7 37. Rh3 Qxe5 38. Rxe5) 36... Qf6 $16 {[%cal Rc8e7]} 37. Rh3 (37. Qg5 $16 {Qh5 is the strong threat.} Qxg5+ 38. fxg5) 37... Qxd4+ $11 38. Qf2 Qxf2+ 39. Kxf2 {[%csl Gg6][%cal Rh3h8]} Rfxe7 $1 40. Rxe7 Rxe7 (40... Nxe7 $2 {is the wrong capture.} 41. Rh8+ Kf7 42. Ne5+ Ke6 43. Rxe8 $18) 41. Nxe7+ Nxe7 {[%mdl 4096] Endgame KR-KN} 42. Rb3 b5 43. Ra3 Kf7 44. Rxa6 Ke6 45. Ke3 Kd6 $1 46. b4 d4+ $1 {The position is equal.} 47. Kxd4 Nd5 48. a3 Nxf4 49. Ra7 Ne6+ 50. Ke3 g5 51. a4 bxa4 52. Rxa4 g4 53. Ra5 f4+ 54. Ke4 f3 55. Ke3 Nc7 56. Rg5 Nd5+ 57. Kf2 Nxb4 {Strongly threatening ...Nd3+.} 58. Rxg4 Nd3+ 59. Ke3 Ne5 60. Rg8 Kd5 61. Rd8+ Kc4 62. Re8 Kd5 {Precision: White = 55%, Black = 58%.} 1/2-1/2

[Event "29th IND-ch U17 Open 2018"]
[Site "Sonipat"]
[Date "2018.09.08"]
[Round "7"]
[White "Om Kharola"]
[Black "Mitrabha, Guha"]
[Result "1-0"]
[WhiteElo "2042"]
[BlackElo "2376"]
[Annotator "TA"]
[PlyCount "61"]
[EventDate "2018.09.05"]
[EventCountry "IND"]
[SourceTitle "playchess.com"]
[Source "ChessBase"]
[SourceQuality "1"]

{[%evp 9,61,-29,56,61,116,109,129,124,131,139,170,116,183,190,186,185,179,183,222,215,222,220,234,216,230,215,218,197,282,168,173,171,171,175,183,144,370,368,439,417,525,522,506,506,492,482,552,571,566,558,1006,1006,883,875]} 1. e4 e6 2. d4 d5 3. Bd3 c5 4. exd5 exd5 5. Qe2+ Qe7 ({Better is} 5... Be7 $11 6. dxc5 Nf6) (5... Be7 6. Bb5+ Nc6 7. Bg5 Be6 8. Bxe7 Ngxe7 9. Nf3 O-O 10. dxc5 Bg4 11. Nbd2 Nd4 12. Qd3 Nxf3+ 13. gxf3 {0-1 (36) Batsiashvili,N (2485)-Safarli,E (2653) Wijk aan Zee 2016}) 6. dxc5 $14 {C01: French: Exchange Variation} Nc6 ({Black should play} 6... Qxe2+ $14 7. Nxe2 Bxc5) 7. Nc3 $146 {[%cal Rc3d5]} ({Predecessor:} 7. c3 Bg4 8. Qxe7+ Bxe7 9. f3 Bd7 10. Be3 Nf6 11. Nd2 O-O 12. Ne2 a5 13. a4 Rfc8 14. Bc2 Nd8 15. Nb3 Ne6 16. Kf2 Nxc5 17. Bxc5 Bxc5+ 18. Nxc5 Rxc5 19. Rhd1 {½-½ (19) Kovalsky,V (2024)-Koval,D (2169) Slovakia 2006}) 7... Qxe2+ 8. Ngxe2 {White is better.} ({Don't play} 8. Kxe2 $6 Bxc5 9. Nxd5 Bg4+ 10. Kf1 O-O-O $14) 8... Be6 9. Be3 O-O-O {[#]} 10. Nd4 ({White should try} 10. Nb5 $1 $18) 10... Nf6 (10... Nxd4 $16 {keeps fighting.} 11. Bxd4 Ne7) 11. Nxc6 $18 bxc6 12. Bd4 Nd7 13. b4 f6 14. O-O Bf7 15. Rfe1 Kc7 16. Rab1 Rb8 17. a3 g6 18. Na4 Bg7 (18... Re8 $142 19. Rxe8 Bxe8) 19. f4 (19. Re7 $142 Rhf8 20. b5) 19... Rhe8 20. Kf2 Nf8 21. Rxe8 Rxe8 22. b5 {Strongly threatening Bc3.} cxb5 $2 (22... Ne6 $16) 23. Bxb5 Re4 {[#]} 24. Bc3 $1 {[%cal Rc3a5] Threatening mate with Ba5+.} Ne6 25. Ba5+ {White is clearly winning.} Kc8 26. c6 {[%cal Rb5a6]} Nc7 27. Nc5 {Threatens to win with Ba6+.} f5 {And now ...Bd4+ would win.} 28. Nxe4 {White threatens Ba6+! and mate.} Bd4+ 29. Ke2 {Intending Ba6+! and mate.} dxe4 30. Bxc7 Kxc7 31. Rd1 {Precision: White = 72%, Black = 27%.} 1-0

[Event "29th IND-ch U17 Open 2018"]
[Site "Sonipat"]
[Date "2018.09.08"]
[Round "7"]
[White "Harshita Guddanti"]
[Black "Dubey Sanchay"]
[Result "1/2-1/2"]
[WhiteElo "1972"]
[BlackElo "1862"]
[Annotator "NA RC"]
[PlyCount "103"]
[EventDate "2018.09.05"]
[EventCountry "IND"]
[SourceTitle "playchess.com"]
[Source "ChessBase"]
[SourceQuality "1"]

{[%evp 8,103,31,24,26,8,17,10,32,32,17,19,21,0,16,0,6,0,11,14,6,0,0,11,17,11,31,28,36,20,41,40,27,44,32767,32767,32767,32767,32767,48,32767,32767,32767,32767,75,81,115,34,79,24,96,32767,32767,32767,32767,32767,32767,32767,32767,-96,-9,-8,-20,-238,32767,32767,32767,32767,32767,32767,32767,32767,32767,-541,32767,32767,32767,32767,32767,32767,32767,-25,0,32767,32767,32767,0,-20,0,-8,32767,32767,32767,32767,32767,0,32767,0]} 1. e4 c5 2. Nf3 d6 3. d4 cxd4 4. Nxd4 Nf6 5. Nc3 a6 6. h3 e5 7. Nde2 h5 {B90: Sicilian Najdorf: Unusual White 6th moves, 6 Be3 Ng4 and 6 Be3 e5} (7... b5 8. Ng3 Qc7 9. Bd3 g6 10. Bg5 Nbd7 11. O-O Bg7 12. a4 bxa4 13. Rxa4 O-O 14. Qd2 Bb7 15. Ra3 Nc5 16. Bxf6 Bxf6 {1-0 (52) Harikrishna,P (2739)-Kokarev,D (2608) Linares 2018}) 8. Bg5 Be6 9. Bxf6 Qxf6 10. Nd5 Qd8 11. Nec3 g6 12. Bc4 {LiveBook: 30 Games} Bh6 $146 ({Predecessor:} 12... Nc6 13. Bb3 Bh6 14. Qd3 O-O 15. Rd1 {½-½ (23) Biedermann,T (2433)-Keuter,K (2443) ICCF email 2017}) 13. O-O O-O 14. Bb3 Nc6 15. Qd3 Nd4 16. Rad1 Qh4 17. Nb6 Rad8 18. Bd5 Kg7 19. Ne2 Bxd5 20. Nxd5 Ne6 21. b4 Rc8 22. c3 Kh8 23. Kh2 f5 24. exf5 gxf5 25. f4 exf4 26. Rf3 b5 27. Nb6 (27. Rdf1 $16) 27... Rcd8 28. a4 Bg7 (28... bxa4 $11 {keeps the balance.} 29. Nd5 Qg5) 29. axb5 axb5 30. Nd4 Ng5 31. Rff1 Qg3+ 32. Qxg3 fxg3+ 33. Kg1 {[#]} (33. Kxg3 $11 {remains equal.} Ne4+ 34. Kf3) 33... Bxd4+ (33... f4 $1 $17 34. Nf3 Nxf3+ 35. Rxf3 Rf7) 34. Rxd4 Ne4 35. Rd5 $2 (35. Nd5 $11) 35... Nxc3 36. Rdxf5 Ne2+ 37. Kh1 Rxf5 38. Rxf5 Kg7 39. Rg5+ Kh6 40. Rd5 Nc3 41. Rd3 Ne4 42. Kg1 h4 43. Rd4 Re8 44. Kf1 Re6 45. Nd5 Kg5 46. Nc7 Re5 47. Nd5 Rf5+ 48. Ke1 Nf2 49. Ne3 Re5 50. Kd2 Ne4+ 51. Ke2 {[#]} d5 $1 52. Kf3 1/2-1/2

[Event "29th IND-ch U17 Open 2018"]
[Site "Sonipat"]
[Date "2018.09.08"]
[Round "7"]
[White "Cheela Naga, Sampath"]
[Black "Panesar Vedant"]
[Result "0-1"]
[WhiteElo "1935"]
[BlackElo "2124"]
[Annotator "TA"]
[PlyCount "58"]
[EventDate "2018.09.05"]
[EventCountry "IND"]
[SourceTitle "playchess.com"]
[Source "ChessBase"]
[SourceQuality "1"]

{[%evp 9,58,-33,-26,-22,-26,-22,-31,-51,-14,-47,-36,-43,-43,-108,-100,-123,-104,-102,-92,-120,-107,-162,-158,-175,-171,-172,-179,-225,-192,-361,-326,-322,-200,-358,-315,-378,-346,-543,-544,-630,-617,-662,-658,-927,-989,-951,-977,-1091,-1094,-1084,-1064]} 1. d4 c5 2. e3 Nf6 3. c4 g6 4. g3 (4. Nc3 cxd4 5. exd4 Bg7 6. Nf3 O-O 7. Bg5 h6 8. Bxf6 Bxf6 9. Qd2 Bg7 10. Be2 d6 11. Rd1 g5 12. O-O Nd7 13. d5 Ne5 14. Nxe5 Bxe5 15. Kh1 {1-0 (38) Yu,Y (2759)-Wei,Y (2734) Ningbo 2018}) 4... Bg7 5. Bg2 cxd4 6. exd4 {A56: Altindisch (siehe auch A43, 44)} d5 7. cxd5 Nxd5 8. Ne2 {Schwarz steht etwas besser.} O-O 9. O-O Nc6 10. Nbc3 Be6 11. Ne4 (11. Be3 $15) 11... Bg4 $146 ({Vorgänger:} 11... Qb6 12. Nc5 Bg4 13. Bxd5 Nxd4 {0-1 (42) Kolar,S (2160)-Vesselovsky,S (2422) Karvina 2003}) 12. f3 Bc8 13. N4c3 Bf5 14. a3 Rc8 15. f4 (15. Re1 $17) 15... e6 $19 {[%cal Be7e6,Be6d5][%mdl 32]} 16. h3 h5 17. Nxd5 exd5 18. b4 Re8 19. Bb2 $2 (19. Ra2) 19... Qd7 20. Kh2 Re3 {...Sxb4! ist eine echte Drohung.} 21. Nc1 $2 (21. Rf2) 21... Rce8 22. Rf2 Qd6 23. Qd2 {[#]} (23. Ne2 $142 h4 24. g4) 23... h4 $1 {[%mdl 512] Schwarz steht klar auf Gewinn.} 24. g4 {[#]} (24. gxh4 Bh6) 24... Bh6 $1 {[%cal Rh6f4]} 25. Ne2 Bd3 {[%cal Rd3e2]} 26. Bc1 Rxe2 27. Rxe2 Bxe2 28. Kg1 Bc4 29. Bf3 Qf6 {Precision: Weiß = 30%, Schwarz = 73%.} 0-1

[Event "29th IND-ch U17 Open 2018"]
[Site "Sonipat"]
[Date "2018.09.08"]
[Round "7"]
[White "Arjun C Krishnamachari"]
[Black "Manu David Suthandram R"]
[Result "1/2-1/2"]
[WhiteElo "1901"]
[BlackElo "2044"]
[Annotator "NA RC"]
[PlyCount "25"]
[EventDate "2018.09.05"]
[EventCountry "IND"]
[SourceTitle "playchess.com"]
[Source "ChessBase"]
[SourceQuality "1"]

{[%evp 8,17,17,18,46,36,81,60,91,-10,52,0]} 1. e4 c5 2. Nf3 Nc6 3. Bb5 e6 4. Nc3 Nd4 5. O-O Nxb5 {LiveBook: 36 Games} 6. Nxb5 Nf6 (6... a6 $11 {remains equal.} 7. Nc3 Ne7) 7. e5 Nd5 8. Nc3 (8. d4 $16) 8... Ne7 $14 (8... Nxc3 $11 9. dxc3 b6) 9. Nb5 ({White should play} 9. d4 $14) 9... Nd5 10. Nc3 Ne7 11. Nb5 Nd5 12. Nc3 Ne7 13. Nb5 1/2-1/2

[Event "29th IND-ch U17 Open 2018"]
[Site "Sonipat"]
[Date "2018.09.08"]
[Round "8"]
[White "Mitrabha, Guha"]
[Black "Cheela Naga, Sampath"]
[Result "1-0"]
[WhiteElo "2376"]
[BlackElo "1935"]
[Annotator "NA"]
[PlyCount "151"]
[EventDate "2018.09.05"]
[EventCountry "IND"]
[SourceTitle "playchess.com"]
[Source "ChessBase"]
[SourceQuality "1"]

1. d4 e6 2. Nf3 f5 3. c4 Nf6 4. Nc3 Be7 5. Bf4 O-O 6. e3 d5 7. Bd3 c6 8. O-O Ne4 9. h3 Nd7 10. Rc1 Ndf6 11. Ne5 {A84: Dutch Defence: 2 c4 Miscellaneous} Bd7 (11... Nd7 12. Ne2 Nxe5 13. Bxe5 Bd7 14. Qc2 Ng5 15. a3 Nf7 16. Bf4 Bd6 17. Kh1 Kh8 18. cxd5 cxd5 {½-½ (41) Korobov,A (2688)-Maljush,A (2286) Minsk 2017}) 12. Bh2 $146 ({Predecessor:} 12. f3 Nd6 13. c5 Nf7 14. b4 Nh5 15. Bh2 g5 16. g4 Ng7 17. a4 a6 18. a5 Bf6 19. Nxd7 Qxd7 {0-1 (35) Biriukov,I (2343)-Bashkirov,V (2105) St Petersburg 2002}) 12... Be8 13. f3 Nxc3 14. bxc3 b5 15. c5 Qc8 16. Qc2 Nd7 17. g4 Nxe5 18. Bxe5 Bg6 19. Kh1 Qe8 20. Rg1 $11 Bf6 21. Bxf6 Rxf6 22. f4 fxg4 23. hxg4 Bxd3 24. Qxd3 Qg6 25. Qxg6 Rxg6 26. Kh2 Rf6 27. Kg3 Rf7 28. Rh1 g6 29. Rh6 a5 30. Rb1 Kg7 31. Rh2 a4 32. Rbh1 Kg8 33. Rh6 Raa7 34. Rf1 Kg7 35. Rh2 a3 36. Rb1 Ra4 37. Re2 Rb7 38. Rb3 Kf7 39. Kf3 b4 40. Re1 Rb5 41. Rc1 Ke8 42. g5 Kd8 43. Ke2 bxc3 44. Rxb5 cxb5 45. Rxc3 Kc7 46. Kd3 Kc6 47. Rc1 Rb4 48. Rc3 Ra4 49. Kc2 b4 50. Rd3 Kb5 51. Kb3 Ra7 52. Rd1 Rc7 53. Rc1 Rc6 54. Rc2 Ka5 55. e4 Kb5 56. exd5 exd5 57. Re2 Rc7 58. Re6 Rf7 59. Rb6+ Ka5 60. Rxb4 Rxf4 61. Kxa3 Re4 62. Rb3 Rxd4 63. Rc3 Ra4+ 64. Kb3 Kb5 65. c6 Ra8 66. c7 Rc8 67. Rc1 Kb6 68. Kb4 Kb7 69. Rc5 Kb6 70. a4 Kb7 71. Kb5 h5 72. gxh6 g5 73. Rxd5 g4 74. Rd8 Rxc7 75. Rg8 Rd7 76. Rg7 1-0

[Event "29th IND-ch U17 Open 2018"]
[Site "Sonipat"]
[Date "2018.09.08"]
[Round "8"]
[White "Krishnater Kushager"]
[Black "Adarsh Tripathi"]
[Result "1-0"]
[WhiteElo "2333"]
[BlackElo "1864"]
[Annotator "NA"]
[PlyCount "85"]
[EventDate "2018.09.05"]
[EventCountry "IND"]
[SourceTitle "playchess.com"]
[Source "ChessBase"]
[SourceQuality "1"]

1. Nf3 Nf6 2. c4 e6 3. Nc3 d5 4. d4 c6 5. g3 Bd6 6. Bg2 O-O 7. O-O Nbd7 8. Nd2 dxc4 9. Nxc4 {LiveBook: 12 Partien} Bc7 10. b3 Nd5 11. Ne4 N7f6 $16 (11... b5 $14) 12. Nxf6+ Qxf6 13. e4 Nb6 14. e5 Qd8 15. Ba3 Re8 16. Nd6 Bxd6 17. Bxd6 Nd5 18. Qd2 Bd7 19. Rac1 a5 20. a4 Ra7 21. Be4 Ne7 22. Bc5 Ra8 23. g4 Nd5 24. g5 Ne7 25. Rc3 Nf5 26. Rh3 Rc8 27. f4 b6 28. Bxf5 exf5 29. Bd6 Be6 30. Rff3 c5 31. d5 Bd7 32. Qe2 f6 33. gxf6 Qxf6 34. Qg2 Qf7 35. e6 Bxe6 36. dxe6 Rxe6 37. Be5 Rg6 38. Rhg3 c4 39. Rxg6 hxg6 40. bxc4 Rxc4 41. Qd2 Rb4 42. Qd8+ Qf8 43. Qxf8+ 1-0

[Event "29th IND-ch U17 Open 2018"]
[Site "Sonipat"]
[Date "2018.09.08"]
[Round "8"]
[White "Panesar Vedant"]
[Black "Om Kharola"]
[Result "1/2-1/2"]
[WhiteElo "2124"]
[BlackElo "2042"]
[Annotator "NA"]
[PlyCount "131"]
[EventDate "2018.09.05"]
[EventCountry "IND"]
[SourceTitle "playchess.com"]
[Source "ChessBase"]
[SourceQuality "1"]

1. d4 d5 2. c4 e6 3. Nf3 Nf6 4. Nc3 a6 5. c5 b6 6. cxb6 cxb6 7. Bf4 Nc6 8. e3 Bb7 9. Bd3 Bd6 10. Bxd6 Qxd6 11. O-O O-O 12. Qe2 Rfd8 13. h3 e5 14. dxe5 Nxe5 15. Nd4 Ne4 16. Rac1 Qf6 17. Rc2 g6 18. Qd1 Rac8 19. Nb1 b5 20. Be2 Nc4 21. Bg4 Rb8 22. Qe2 Qe5 23. b3 Ncd6 24. Rfc1 h5 25. Bf3 Ng5 26. Nd2 Nf5 27. Nxf5 Qxf5 28. h4 d4 29. exd4 Nxf3+ 30. Nxf3 Bxf3 31. Qxf3 Qxf3 32. gxf3 Rxd4 33. Rc8+ Rxc8 34. Rxc8+ Kg7 35. Ra8 Rxh4 36. Rxa6 b4 37. Rd6 Rf4 38. Kg2 g5 39. Kg3 f6 40. Kg2 Kg6 41. Rd5 Kf7 42. Rd6 Ke7 43. Rb6 Rd4 44. Ra6 Rd6 45. Ra5 Rd4 46. Ra6 Kf7 47. Rb6 Kg6 48. Rb5 Rf4 49. Rd5 Rf5 50. Rd4 Rf4 51. Rd5 Rf5 52. Rd4 Ra5 53. Rxb4 Rxa2 54. Rb5 h4 55. Rc5 Rb2 56. Rb5 Kh6 57. Rb6 Kg7 58. Rb7+ Kg6 59. Rb5 Kf7 60. Rb7+ Ke6 61. Rb6+ Kf5 62. Rb5+ Kg6 63. Rb6 Re2 64. Rb5 Re5 65. Rb4 Kf5 66. f4 1/2-1/2

[Event "29th IND-ch U17 Open 2018"]
[Site "Sonipat"]
[Date "2018.09.08"]
[Round "8"]
[White "Vaibhav Jayant Raut"]
[Black "Vinay Thomas Abraham"]
[Result "1/2-1/2"]
[WhiteElo "1999"]
[BlackElo "1953"]
[Annotator "NA"]
[PlyCount "30"]
[EventDate "2018.09.05"]
[EventCountry "IND"]
[SourceTitle "playchess.com"]
[Source "ChessBase"]
[SourceQuality "1"]

1. Nf3 f5 2. g3 Nf6 3. Bg2 g6 4. O-O Bg7 5. d3 O-O 6. Nbd2 d6 7. e4 fxe4 8. dxe4 Nc6 9. c3 e5 10. a4 Qe8 11. b4 Kh8 12. Ba3 Be6 13. c4 Rd8 14. Qc2 h6 15. b5 Ne7 1/2-1/2

[Event "29th IND-ch U17 Open 2018"]
[Site "Sonipat"]
[Date "2018.09.08"]
[Round "8"]
[White "Akshit Kumar J"]
[Black "Arjun C Krishnamachari"]
[Result "1/2-1/2"]
[WhiteElo "1845"]
[BlackElo "1901"]
[Annotator "NA"]
[PlyCount "71"]
[EventDate "2018.09.05"]
[EventCountry "IND"]
[SourceTitle "playchess.com"]
[Source "ChessBase"]
[SourceQuality "1"]

1. e4 e5 2. Nf3 Nc6 3. Bc4 Nf6 4. d3 Bc5 5. Nbd2 O-O 6. c3 d5 7. exd5 Nxd5 8. O-O a6 9. Re1 Bg4 10. h3 Bh5 11. Ne4 Ba7 12. Ng3 Bg6 13. Nxe5 Nxe5 14. Rxe5 Nb6 15. Qf3 c6 16. Bf4 Nxc4 17. dxc4 Qd3 18. Qxd3 Bxd3 19. Re7 b5 20. cxb5 axb5 21. Rd1 Bc4 22. a3 Be6 23. Be3 Bxe3 24. fxe3 Rfd8 25. Rd4 c5 26. Rxd8+ Rxd8 27. Rc7 Rd1+ 28. Kh2 Rd2 29. Ne4 Rxb2 30. Nxc5 h6 31. Rb7 Bd5 32. Rb8+ Kh7 33. e4 Bc4 34. a4 f5 35. axb5 f4 36. Rf8 1/2-1/2